000 00568nam a2200205Ia 4500
005 20250507130106.0
008 008 250505s9999 xx 000 0 eng d
020 _a0-8047-2832-1
037 _aBound Volumes
040 _aEASL
_beng
_cEASL
041 _aeng
_2eng
084 _aY51v42, N7
_qEASL
100 _aPiggott Joan R.
245 0 _aEmergence of Japanese Kingship
260 _aUSA
_bStanford Stanford University Press U.S.A
_c1997
300 _a434P.
650 _aJEL
942 _cCR
_hY51v42, N7
999 _c1317640
_d1317640